Industria y sociedad (Registro nro. 3844)

Detalles MARC
000 -LEADER
fixed length control field 02667 a2200241 4500
001 - CONTROL NUMBER
control field 44903
005 - DATE AND TIME OF LATEST TRANSACTION
control field 20260407155724.0
008 - FIXED-LENGTH DATA ELEMENTS--GENERAL INFORMATION
fixed length control field 260407a2012 arg spa d
003 - CONTROL NUMBER IDENTIFIER
control field AR-UNSa-BCEJYS
040 ## - CATALOGING SOURCE
Original cataloging agency AR-UNSa-BCEJYS
Language of cataloging spa
Transcribing agency AR-UNSa-BCEJYS
080 ## - UNIVERSAL DECIMAL CLASSIFICATION NUMBER
Universal Decimal Classification number 338.45
Common auxiliary subdivision Industria como sector económico. Producción comercial, industrial
020 ## - INTERNATIONAL STANDARD BOOK NUMBER
International Standard Book Number 978-950-721-397-7
041 ## - LANGUAGE CODE
Language code of text/sound track or separate title spa
100 1# - MAIN ENTRY--PERSONAL NAME
Personal name Golovanevsky, Laura
245 10 - TITLE STATEMENT
Title Industria y sociedad
Name of part/section of a work el sector manufacturero en Jujuy y Argentina
264 #1 - PRODUCTION, PUBLICATION, DISTRIBUTION, MANUFACTURE, AND COPYRIGHT NOTICE
Place of production, publication, distribution, manufacture San Salvador de Jujuy :
Name of producer, publisher, distributor, manufacturer EDIUNJu
Date of production, publication, distribution, manufacture, or copyright notice 2012
300 ## - PHYSICAL DESCRIPTION
Extent 386 p.
Dimensions 24 cm.
505 ## - FORMATTED CONTENTS NOTE
Formatted contents note 1. La industria argentina. Rasgos esenciales desde su génesis hasta la década de 1970/ Alicia Angélica Malatesta - 2. La industria argentina entre la sustitución de importaciones y la posconvertibilidad: un breve repaso de la trayectoria estructural del sector / Martín Schorr - 3. La industria en la provincia de Tucumán: de la expansión azucarera a la desindustrialización / Ariel Osatinsky- Pablo Paolasso – 4. Nota sobre el proceso de industrialización en la provincia de Salta / Juan Pablo Balderrama – Abel Fernández Castro- Ricardo G. Martínez – 5. Agroindustrias y minería en la conformación de la estructura económica y social en Jujuy (desde mediados del siglo XX hasta la actualidad) / Laura Golovanevsky- César Cabrera – 6. Evolución del producto bruto geográfico de Jujuy y la realidad social / Benito Carlos Aramayo- Guillermo Horacio Sapag – 7. La industria jujeña entre la crisis de 1930 y los años de Perón. Realidades, actores y políticas públicas / Adriana Kindgard - 8. Forjando industrias. Altos Hornos Zapla y la siderurgia en Jujuy / Liliana Bergesio – Fernando Castillo – 9. Consideraciones acerca de la localización de industrias y los parques industriales en Jujuy / Ivone Carrillo- María Eugenia Lóndero - Alfredo Matas – 10. Agroindustrias de Jujuy. Análisis y perspectivas / Fernando Medina – 11. Sector industrial y empleo en Jujuy en el siglo XXI / Laura Golovanevsky- María Elena Marcoleri – Alfredo Ramírez – 12. Los orígenes de la educación de artes y oficios en el sistema educativo de la provincia de Jujuy / Sandra S. Coca – 13. Aportes de la minería al desarrollo industrial en Jujuy / Ivone Carrillo - Fernanda Colque – Interrelaciones de los distintos actores sociales que participan en los conflictos del sector minero en Jujuy / Mónica R. Echenique -
590 ## - LOCAL NOTE (RLIN)
Local note niveau_biblio:m niveau_hierar:0
700 1# - ADDED ENTRY--PERSONAL NAME
Personal name Bergesio, Liliana
856 41 - ELECTRONIC LOCATION AND ACCESS
Uniform Resource Identifier <a href="https://www.biblioeco.unsa.edu.ar/pmb/images/libros/L127027.jpg">https://www.biblioeco.unsa.edu.ar/pmb/images/libros/L127027.jpg</a>
Link text Imagen de portada
Electronic format type image/jpeg
942 ## - ADDED ENTRY ELEMENTS (KOHA)
Koha item type
Existencias
Withdrawn status Lost status Damaged status Not for loan Home library Current library Shelving location Date acquired Total checkouts Full call number Barcode Date last seen Price effective from Koha item type
        Biblioteca Prof. Eusebio Cleto del Rey Biblioteca Prof. Eusebio Cleto del Rey   07/04/2026   338.45 B495 L127026 07/04/2026 07/04/2026 Libro
        Biblioteca Prof. Eusebio Cleto del Rey Biblioteca Prof. Eusebio Cleto del Rey   07/04/2026   338.45 B495 L127027 07/04/2026 07/04/2026 Libro